The next century

What can we learn from the events of twentieth century? With the effects of the Cold War still evident in the global economy and the lives of everyday Americans, master journalist and historian David Halberstam sets out to answer this question. Halberstam’s perceptive The Next Century looks to the f...

Cijeli opis

Spremljeno u:
Bibliografski detalji
Glavni autor: Halberstam, David
Format: Knjiga
Jezik:Undetermined
Izdano: New York Morrow 1991
Teme:
Oznake: Dodaj oznaku
Bez oznaka, Budi prvi tko označuje ovaj zapis!
Thư viện lưu trữ: Trung tâm Học liệu Trường Đại học Cần Thơ
LEADER 01325nam a2200205Ia 4500
001 CTU_231706
008 210402s9999 xx 000 0 und d
082 |a 303.490905 
082 |b H157 
100 |a Halberstam, David 
245 4 |a The next century 
245 0 |c David Halberstam 
260 |a New York 
260 |b Morrow 
260 |c 1991 
520 |a What can we learn from the events of twentieth century? With the effects of the Cold War still evident in the global economy and the lives of everyday Americans, master journalist and historian David Halberstam sets out to answer this question. Halberstam’s perceptive The Next Century looks to the future by examining the past. From the rise of the Japanese economy to the startling changes that reshaped the Soviet Union and Eastern Europe, Halberstam argues that the American economy’s survival depends on the rededication and continued education of the American worker. As pertinent in today’s economy as it was when first published in 1991, The Next Century is a timeless call to arms, reminding us that we must continually better ourselves in order to compete on the world stage. 
650 |a Thế kỷ 21,Twenty-first century 
650 |x Dự báo,Forecasts 
910 |b dqhieu 
980 |a Trung tâm Học liệu Trường Đại học Cần Thơ